| 000 -LEADER |
| fixed length control field |
00990pam a2200325 a 4500 |
| 001 - CONTROL NUMBER |
| control field |
016968676 |
| 003 - CONTROL NUMBER IDENTIFIER |
| control field |
UkOxU |
| 005 - DATE AND TIME OF LATEST TRANSACTION |
| control field |
20191205131528.0 |
| 008 - FIXED-LENGTH DATA ELEMENTS--GENERAL INFORMATION |
| fixed length control field |
071207s2008 enkb j 000 1 eng d |
| 015 ## - NATIONAL BIBLIOGRAPHY NUMBER |
| National bibliography number |
GBA7A1339 |
| Source |
bnb |
| 020 ## - INTERNATIONAL STANDARD BOOK NUMBER |
| International Standard Book Number |
9780141321004 (pbk.) |
| 020 ## - INTERNATIONAL STANDARD BOOK NUMBER |
| International Standard Book Number |
0141321008 (pbk.) |
| 035 ## - SYSTEM CONTROL NUMBER |
| System control number |
(Uk)014469158 |
| 040 ## - CATALOGING SOURCE |
| Original cataloging agency |
StDuBDS |
| Language of cataloging |
eng |
| Transcribing agency |
StDuBDS |
| Modifying agency |
Uk |
| 042 ## - AUTHENTICATION CODE |
| Authentication code |
ukblcatcopy |
| 082 ## - DEWEY DECIMAL CLASSIFICATION NUMBER |
| Classification number |
FIC STE |
| 100 1# - MAIN ENTRY--PERSONAL NAME |
| Personal name |
Stevenson, Robert Louis, |
| Dates associated with a name |
1850-1894. |
| Relator term |
author |
| 245 10 - TITLE STATEMENT |
| Title |
Treasure Island / |
| Statement of responsibility, etc. |
Robert Louis Stevenson ; introduced by Eoin Colfer. |
| 250 ## - EDITION STATEMENT |
| Edition statement |
[New ed.] |
| 260 ## - PUBLICATION, DISTRIBUTION, ETC. |
| Place of publication, distribution, etc. |
London : |
| Name of publisher, distributor, etc. |
Puffin, |
| Date of publication, distribution, etc. |
2008. |
| 300 ## - PHYSICAL DESCRIPTION |
| Extent |
x, 302 p. : |
| Other physical details |
map ; |
| Dimensions |
18 cm. |
| 490 1# - SERIES STATEMENT |
| Series statement |
Puffin classics |
| 500 ## - GENERAL NOTE |
| General note |
First published in Puffin books: 1946. |
| 650 #0 - SUBJECT ADDED ENTRY--TOPICAL TERM |
| Topical term or geographic name entry element |
Pirates |
| Form subdivision |
Juvenile fiction. |
| 700 ## - ADDED ENTRY--PERSONAL NAME |
| Personal name |
Colfer, Eoin |
| Relator term |
Writer of introduction |
| 830 #0 - SERIES ADDED ENTRY--UNIFORM TITLE |
| Uniform title |
Puffin classics. |
| 942 ## - ADDED ENTRY ELEMENTS (KOHA) |
| Source of classification or shelving scheme |
|
| Koha item type |
Books - Fiction |